| 000 | 00353nam a2200145Ia 4500 | ||
|---|---|---|---|
| 008 | 221030s9999 xx 000 0 und d | ||
| 020 | _a1259026737 | ||
| 041 | _aEnglish | ||
| 100 | _aP. J. Jha | ||
| 245 | 0 |
_aOperations Research _cby P. J. Jha |
|
| 260 |
_bMcGraw - Hill Pub. _aNew Delhi _c2014 |
||
| 300 | _a575 | ||
| 650 | _aManagement | ||
| 942 | _cBK | ||
| 999 |
_c16958 _d16958 |
||